Einführung in die symbolische Logik : mit besonderer Berücksichtigung ihrer Anwendungen /

Guardado en:
Autor Principal: Carnap, Rudolf, 1891-1970.
Formato: Libro
Idioma:German
Publicado: Wien : Springer, 1960.
Edición:2., neubearb. und erw. Aufl.
Etiquetas: Agregar Etiqueta
Sin Etiquetas, Sea el primero en etiquetar este registro!
LEADER 00546nam a22001575a 4500
001 MAT.inmabb001628
008 031124s1960####au############000#0#ger#d
005 20160523132340.0
245 1 0 |a Einführung in die symbolische Logik :  |b mit besonderer Berücksichtigung ihrer Anwendungen /  |c von Rudolf Carnap. 
250 |a 2., neubearb. und erw. Aufl. 
260 |a Wien :  |b Springer,  |c 1960. 
300 |a xii, 241 p. ;  |c 24 cm. 
510 4 |a MR,  |c 22 #6691 
100 1 |a Carnap, Rudolf,  |d 1891-1970. 
084 |a 03Bxx  |2 msc2000 
859 |h 03  |i C288e  |p A-2031  |b BIB. MATEMATICA